| 000 | 00507nam a2200169 a 4500 | ||
|---|---|---|---|
| 001 | 000047898 | ||
| 005 | 20201002060810.0 | ||
| 008 | 181002s2005 dr a 000 0 spa d | ||
| 020 | _a9789945122985 | ||
| 040 |
_aDO-SdBNP _bspa _cBNPHU |
||
| 082 |
_axxxx _bH557c, 8vo. |
||
| 100 | 1 |
_aHernández Tejada, Margarita _950027 |
|
| 245 | 1 | 0 |
_aCiencias sociales 8 / _cMargarita Hernández Tejada. |
| 260 |
_aSanto Domingo : _bSusaeta, _c2005. |
||
| 300 |
_a232p. : _bil. ; _c29cm,. |
||
| 590 | _aInventariado, 2018/MFF | ||
| 999 |
_c47386 _d47386 |
||